000 00501nam a2200205 i 4500
001 3701789
005 20180201032811.0
008 800430s1980 waua 001 0 eng
010 _a 79092710
020 _a0936110007
040 _aDLC
_cDLC
_dDLC
041 _aeng
080 _a372.13078
082 0 0 _a372.13078 RAS
100 1 _a46
101 _aEDU
245 1 0 _aIs it Friday already? /
_cBy Greta Rasmussen.
906 _a7
_bcbc
_corignew
_du
_eopcn
_f19
_gy-gencatlg
942 _2ddc
_cBK
999 _c41445
_d41445